Companion to surgery in Africa / (Record no. 1376)

MARC details
000 -LEADER
fixed length control field 00530nam a22001937a 4500
003 - CONTROL NUMBER IDENTIFIER
control field OSt
005 - DATE AND TIME OF LATEST TRANSACTION
control field 20150409161055.0
008 - FIXED-LENGTH DATA ELEMENTS--GENERAL INFORMATION
fixed length control field 150409b xxu||||| |||| 00| 0 eng d
020 ## - INTERNATIONAL STANDARD BOOK NUMBER
International Standard Book Number 044300143x
040 ## - CATALOGING SOURCE
Transcribing agency DNLM
082 ## - DEWEY DECIMAL CLASSIFICATION NUMBER
Classification number WO 100 D279c 1979
100 ## - MAIN ENTRY--PERSONAL NAME
Personal name Davey W W
9 (RLIN) 3543
245 ## - TITLE STATEMENT
Title Companion to surgery in Africa /
Statement of responsibility, etc. W. W. Davey
260 ## - PUBLICATION, DISTRIBUTION, ETC. (IMPRINT)
Place of publication, distribution, etc. London :
Name of publisher, distributor, etc. Churchill Livingstone ;
Date of publication, distribution, etc. 1979.
300 ## - PHYSICAL DESCRIPTION
Extent xviii, 356 p :
Other physical details ill;
Dimensions 25 cm.
504 ## - BIBLIOGRAPHY, ETC. NOTE
Bibliography, etc Includes references and index.
650 ## - SUBJECT ADDED ENTRY--TOPICAL TERM
Topical term or geographic name as entry element Surgery
9 (RLIN) 323
942 ## - ADDED ENTRY ELEMENTS (KOHA)
Source of classification or shelving scheme Other/Generic Classification Scheme
Koha item type Short Loan
Holdings
Withdrawn status Lost status Source of classification or shelving scheme Damaged status Not for loan Home library Current library Date acquired Source of acquisition Inventory number Total Checkouts Full call number Barcode Date last seen Price effective from Koha item type
    Other/Generic Classification Scheme     MUST Main Library MUST Main Library 09/04/2015   2000/14300   WO 100 D279c 1979 2015-0837 09/04/2015 09/04/2015 Short Loan
    Other/Generic Classification Scheme     MUST Main Library MUST Main Library 09/04/2015   1997/10919   WO 100 D279c 1979 2015-0838 09/04/2015 09/04/2015 Short Loan